LIBRARY & INFORMATION CENTRE, KCAET, TAVANUR

ONLINE PUBLIC ACCESS CATALOGUE (OPAC)

Barnaby Rudge / (Record no. 5080)

MARC details
000 -LEADER
fixed length control field 00436cam a2200169ua 4500
041 ## - LANGUAGE CODE
Language code of text/sound track or separate title eng
082 ## - DEWEY DECIMAL CLASSIFICATION NUMBER
Classification number 823.308
Item number DIC/BA
100 ## - MAIN ENTRY--AUTHOR NAME
Personal name Dickens, Charles.
245 ## - TITLE STATEMENT
Title Barnaby Rudge /
260 ## - PUBLICATION, DISTRIBUTION, ETC. (IMPRINT)
Place of publication London :
Name of publisher Ginn and company Ltd ,
Year of publication 1965.
300 ## - PHYSICAL DESCRIPTION
Number of Pages 180 ; .
490 0# - SERIES STATEMENT
Series statement Shorter classics,
Volume number/sequential designation
942 ## - ADDED ENTRY ELEMENTS (KOHA)
Koha item type Books
Holdings
Withdrawn status Lost status Damaged status Home library Current library Date acquired Full call number Accession Number Koha item type
Withdrawn     KAUAET Sanskrit University 07/04/2012 823.308 11045 Books
free website counter